The Merchant of Venice
Guardat en:
| Autor principal: | |
|---|---|
| Format: | Llibre |
| Idioma: | anglès |
| Publicat: |
Londres
Blackie & Son
1940
|
| Col·lecció: | The Junior School Shakespeare
|
| Matèries: | |
| Etiquetes: |
Afegir etiqueta
Sense etiquetes, Sigues el primer a etiquetar aquest registre!
|
MARC
| LEADER | 00000nam a2200000 a 4500 | ||
|---|---|---|---|
| 001 | UCQ0024 | ||
| 003 | CL-VaPUC | ||
| 008 | 980619e19400000UK |||||||||||||||||eng|d | ||
| 082 | 0 | 4 | |a 822 |b SHA |2 21 |
| 100 | |a Shakespeare, William |e author |9 265757 | ||
| 245 | 1 | 4 | |a The Merchant of Venice |
| 300 | |a 132 p | ||
| 942 | |c BK | ||
| 945 | |d 19980619 00:00:00 |a crobeson | ||
| 260 | |a Londres |b Blackie & Son |c 1940 | ||
| 650 | 0 | |a Dramas ingleses |9 269396 | |
| 650 | 0 | |a Literatura inglesa |9 312907 | |
| 583 | |a last modification |c 19980619 00:00:00 |k Rodrigo Vera | ||
| 490 | 0 | |a The Junior School Shakespeare | |
| 999 | |c 271192 |d 271190 | ||
| 952 | |0 0 |1 0 |4 0 |6 822_000000000000000_SHA_1940 |7 0 |8 A |9 305749 |a BIBEDU |b BIBEDU |d 2019-11-20 |i 1423525 |o 822 SHA 1940 |p 1423525 |r 2019-11-20 |w 2019-11-20 |y BK |k LIT | ||
| 952 | |0 0 |1 0 |4 0 |6 822_000000000000000_SHA_1940 |7 0 |8 A |9 305750 |a BIBEDU |b BIBEDU |d 2019-11-20 |i 1423495 |o 822 SHA 1940 |p 1423495 |r 2019-11-20 |w 2019-11-20 |y BK |k LIT | ||
| 952 | |0 0 |1 0 |4 0 |6 822_000000000000000_SHA_1940 |7 0 |8 A |9 305751 |a BIBEDU |b BIBEDU |d 2019-11-20 |i 1423533 |o 822 SHA 1940 |p 1423533 |r 2019-11-20 |w 2019-11-20 |y BK |k LIT | ||
| 952 | |0 0 |1 0 |4 0 |6 822_000000000000000_SHA_1940 |7 0 |8 A |9 305752 |a BIBEDU |b BIBEDU |d 2019-11-20 |i 1423517 |o 822 SHA 1940 |p 1423517 |r 2019-11-20 |w 2019-11-20 |y BK |k LIT | ||
| 952 | |0 0 |1 0 |4 0 |6 822_000000000000000_SHA_1940 |7 0 |8 A |9 305753 |a BIBEDU |b BIBEDU |d 2019-11-20 |i 1423509 |o 822 SHA 1940 |p 1423509 |r 2019-11-20 |w 2019-11-20 |y BK |k LIT | ||
| 952 | |0 0 |1 0 |4 0 |6 822_000000000000000_SHA_1940 |7 0 |8 A |9 305754 |a BIBEDU |b BIBEDU |d 2019-11-20 |i 1423487 |o 822 SHA 1940 |p 1423487 |r 2019-11-20 |w 2019-11-20 |y BK |k LIT | ||